| 000 | 00775nam a2200229Ii 4500 | ||
|---|---|---|---|
| 003 | JO-AjNU | ||
| 008 | 230605s9999||||xx |||||||||||||| ||und|| | ||
| 017 | _a2021/1/515 | ||
| 020 | _a978-9957-35-498-5 | ||
| 040 |
_aJO-AjNU _bara _erda _cJO-AjNU |
||
| 041 | _aara | ||
| 050 | 1 | 4 | _aBP16.84 2022 |
| 100 | 3 |
_aالزباخ، محمد, _eauthor _962725 |
|
| 245 | 0 | 0 | _aالتفسير التاريخي لقصة يأجوج وماجوج |
| 250 | _aط1 | ||
| 264 | 3 | 1 | _aعمان: مركز الكتاب الاكاديمي، 2022 |
| 300 | _a349ص | ||
| 336 |
_atext _btxt _2rdacontent |
||
| 337 |
_aunmediated _bn _2rdamedia |
||
| 338 |
_avolume _bnc _2rdacarrier |
||
| 650 | 4 |
_aقصية ياجوج وماجوج-تفسير القرآن-الالحداث التاريخية _962726 |
|
| 999 |
_aA28417 _c31985 _d31985 |
||